00350nam a2200109Ia 4500008004100000020001800041082001400059100002800073245009000101260001300191500003600204260604s9999 xx 000 0 und d a9783031503252 a001.4 SOR aSORDI [JOSE OSVALDO DE] 0aQUALITATIVE RESEARCH METHODS IN BUSINESS: TECHNIQUES FOR DATA COLLECTION AND ANALYSIS bSPRINGER aResearch, Qualitative, Business